000 00550nam a2200229Ia 4500
003 OSt
005 20220924150231.0
006 a|||||r|||| 00| 0
007 ta
008 220923b |||||||| |||| 00| 0 tel d
024 _a332460
037 _cTextual
040 _aARTS
_cARTS
_btel
041 _2tel
_atel
082 _aO35,1IMA,1, J4
100 _aMallana
_9221631
245 0 _aRukmangada
260 _c1954
650 _aTELUGU POETRY
942 _hO35,1IMA,1, J4
_cTEXL
_2CC
999 _c462699
_d462699